Malaysian Rubber Boards transfer of technology programmes for the rubber industry (Record no. 62398)

MARC details
000 -LEADER
fixed length control field 00520nam a2200157Ia 4500
100 ## - MAIN ENTRY--AUTHOR NAME
Personal name Osman Ramli bin
245 #0 - TITLE STATEMENT
Title Malaysian Rubber Boards transfer of technology programmes for the rubber industry
260 ## - PUBLICATION, DISTRIBUTION, ETC. (IMPRINT)
Name of publisher IRRDB Natural Rubber Conference 2008, 13-15 October 2008, Kuala Lumpur, Malaysia: Abstract of papers
500 ## - GENERAL NOTE
General note Source Year: 2008
650 ## - SUBJECT ADDED ENTRY--TOPICAL TERM
Topical Term Malaysia
650 ## - SUBJECT ADDED ENTRY--TOPICAL TERM
Topical Term Technology transfer
700 ## - ADDED ENTRY--PERSONAL NAME
Personal name Vanaja V
856 ## - ELECTRONIC LOCATION AND ACCESS
Uniform Resource Identifier Abst only
942 ## - ADDED ENTRY ELEMENTS (KOHA)
Koha item type Journals
Holdings
Withdrawn status Lost status Damaged status Not for loan Home library Current library Shelving location Date acquired Koha item type
      Journals RRII Library RRII Library Agricultural economics 29/01/2009 Journals